| 000 | 00620nam a2200217Ia 4500 | ||
|---|---|---|---|
| 003 | GCL | ||
| 008 | 140319s9999 xx 000 0 ara d | ||
| 040 |
_aGCL / _cGCL |
||
| 082 | 0 | 4 |
_a811.9 _bك م |
| 100 | 1 | _aكمال النجمى | |
| 245 | 1 | 0 |
_aالأنداء المحترقة / _cكمال النجمى |
| 300 | _a173 | ||
| 490 |
_aالالف كتاب _v0 |
||
| 650 | 0 | 4 | _aالشعر العربى |
| 650 | 0 | 4 | _aالادب العربى |
| 650 | 0 | 4 | _aالعصر الحديث |
| 650 | 0 | 4 | _aدواوين وقصائد |
| 650 | 0 | 4 | _aالشعر |
| 650 | 0 | 4 | _aالشعر العربى - العراق |
| 942 |
_2ddc _cBK |
||
| 999 |
_c43223 _d43223 |
||